| 000 | 00739nam a22002657a 4500 | ||
|---|---|---|---|
| 001 | 6718 | ||
| 003 | FISKH | ||
| 005 | 20250522114729.0 | ||
| 008 | 250521b cb ||||| |||| 00| 0 eng d | ||
| 020 | _a9781841352930 | ||
| 040 |
_aFISKH _beng _cFISKH _dFISKH |
||
| 050 | _aPZ7 | ||
| 082 | _a823 | ||
| 100 | _aBrenner, Katharina | ||
| 245 | _aCaptain teddy bear / | ||
| 260 |
_aLondon : _bAward Publication, _c2004. |
||
| 300 |
_a12 unnumbered pages : _bcolor illustrations ; _c18 cm |
||
| 505 | _aE | ||
| 520 | _aThis indexed board book introduces children to new words and objects. | ||
| 521 | 8 |
_a160
_bLexile estimate |
|
| 521 | 8 |
_aE
_bRaz-Plus |
|
| 650 |
_aTeddy _vBear |
||
| 942 |
_2ddc _cBK _n0 |
||
| 999 |
_c6718 _d6718 |
||